Famous English People By Picture #2 - Statistics

General Stats
  • This quiz has been taken 370 times
    120 since last reset
  • The average score is 10 of 16
Answer Stats
Picture Answer % Correct
King Charles III
94%
Queen Victoria
90%
Daniel Craig
83%
Daniel Radcliffe
83%
Paul McCartney
83%
Simon Cowell
81%
Isaac Newton
76%
JK Rowling
73%
James Corden
63%
Ricky Gervais
63%
Theresa May
63%
Robbie Williams
61%
Elizabeth Bowes-Lyon
45%
Bobby Moore
39%
William Gladstone
14%
Charles Babbage
2%
No matching quizzes found
Score Distribution
Percent of People with Each Score
Percentile by Number Answered
Your Score History
You have not taken this quiz since the last reset